La filología bíblica en los primeros helenistas de Alcalá /
Guardado en:
| Autor principal: | |
|---|---|
| Formato: | Desconocido |
| Lenguaje: | Spanish |
| Publicado: |
Valencia:
Editorial Verbo Divino,
1990.
|
| Materias: | |
| Etiquetas: |
Agregar Etiqueta
Sin Etiquetas, Sea el primero en etiquetar este registro!
|
MARC
| LEADER | 000000000a22000000004500 | ||
|---|---|---|---|
| 001 | 003707 | ||
| 020 | |a 8471517086 | ||
| 041 | 0 | |a spa | |
| 082 | 0 | 4 | |a 480.090.31 |b S127f |
| 100 | 1 | |a Sáenz-Badillos, Ángel | |
| 245 | 1 | 3 | |a La filología bíblica en los primeros helenistas de Alcalá / |c Ángel Sáenz-Badillos. |
| 260 | 1 | |a Valencia: |b Editorial Verbo Divino, |c 1990. | |
| 300 | |a 493 páginas | ||
| 650 | 4 | |a FILOLOGIA CLASICA | |
| 650 | 4 | |a FILOLOGIA ESPAÑOLA | |
| 650 | 4 | |a GRAMATICA | |
| 999 | |c 10174 |d 10174 | ||
| 942 | |c BK |h 480.090.31 S127f |2 z | ||



